Verbindungen, 1490-1990 500 Jahre Post (Record no. 1847)

000 -LEADER
fixed length control field 00379nam a22000977a 4500
008 - FIXED-LENGTH DATA ELEMENTS--GENERAL INFORMATION
fixed length control field 160321b xxu||||| |||| 00| 0 eng d
100 ## - MAIN ENTRY--AUTHOR'S NAME
Author's Name Germany. Bundesministerium fur Post und Telekommunikation
245 ## - TITLE STATEMENT
Title Verbindungen, 1490-1990 500 Jahre Post
260 ## - PUBLICATION, DISTRIBUTION, ETC. (IMPRINT)
Place of publication, distribution, etc. Bonn, Germany
Name of publisher, distributor, etc. Bundesminister fur Post und Telekommunikation
Date of publication, distribution, etc. 1990
650 ## - TOPICAL TERM (Tag)
Topical term or geographic name Germany -- Postal Service -- Collected Works
Holdings
Withdrawn status Lost status Source of classification or shelving scheme Damaged status Koha normalized classification for sorting Not for loan Permanent Location Current Location Date acquired Total Checkouts Full call number Barcode Date last seen Price effective from
        G6081 P859 B942   Northern Philatelic Library Northern Philatelic Library 03/21/2016   G6081 P859 B942 1002149 03/21/2016 03/21/2016

Powered by Koha